Risultati Serie A 2023-2024 - 28ª giornata - Statistics

Statistiche generali
  • Questo quiz è stato fatto 6 volte
  • Il punteggio medio è 5 su 10
Statistiche sulle risposte
Hint Risposta % Corretto
Milan-Empoli 1-0
83%
Fiorentina-Roma 2-2
83%
Bologna-Inter 0-1
67%
Juventus-Atalanta 2-2
67%
Napoli-Torino 1-1
50%
Cagliari-Salernitana 4-2
50%
Lecce-Verona 0-1
33%
Lazio-Udinese 1-2
33%
Sassuolo-Frosinone 1-0
17%
Genoa-Monza 2-3
17%
Nessun quiz corrispondente trovato
Distribuzione punteggi
Percentuale di utenti per punteggio
Percentile per numero di risposta
I tuoi punteggi nel tempo
Non hai fatto questo quiz